000 00714nam a2200193Ia 4500
003 GCL
008 140319s9999 xx 000 0 ara d
040 _aGCL /
_cGCL
082 0 4 _a823.01
_bج ا
100 1 _aجبرا ابراهيم جبرا
245 1 0 _aايلول بلا مطر وقصص اخرى من الادب الانكليزى , والامريكى المعاصر /
_cجبرا ابراهيم جبرا
300 _a224 ص
490 _a
650 0 4 _aالقصص الانجليزية المترجمة
650 0 4 _aالقصص الامريكية المترجمة
650 0 4 _aالقصص الانجليزية القصيرة
650 0 4 _aالقصص الامريكية القصيرة
942 _2ddc
_cBK
999 _c39442
_d39442